logo

Bir Sreshtho Munshi Abdur Rouf Library
Jhenaidah Cadet College

Electronics for Technicians / (Record no. 6216)

MARC details
000 -LEADER
fixed length control field 00543nam a2200217 a 4500
001 - CONTROL NUMBER
JCCL Control Number 6216
003 - CONTROL NUMBER IDENTIFIER
JCCL marc code BD-JhCC
005 - DATE AND TIME OF LATEST TRANSACTION
control field 20180120172138.0
008 - FIXED-LENGTH DATA ELEMENTS--GENERAL INFORMATION
fixed length control field 180117s1969 u a|||| || | 001 0 eng d
035 ## - SYSTEM CONTROL NUMBER
system control number (BD-JhCC)6216
040 ## - CATALOGING SOURCE
Original cataloging agency BD-JhCC
Modifying agency BD-JhCC
041 ## - LANGUAGE CODE
Language code of Book eng
082 ## - DEWEY DECIMAL CLASSIFICATION NUMBER
Classification number 621.381
Author mark and Year MAR 1969
100 ## - MAIN ENTRY--PERSONAL NAME
Personal name Marcus, Abraham
245 ## - TITLE STATEMENT
Title Electronics for Technicians /
Statement of responsibility, etc Abraham Marcus,
260 ## - PUBLICATION, DISTRIBUTION, ETC. (IMPRINT)
Place of publication, distribution, etc USA :
Name of publisher, distributor, etc Prentick-Hall, Inc.
Date of publication, distribution, etc 1969
300 ## - PHYSICAL DESCRIPTION
Pagination 496 p. :
Dimensions 24 cm.
650 ## - SUBJECT ADDED ENTRY--TOPICAL TERM
Topical term or geographic name as entry element Electronics
942 ## - ADDED ENTRY ELEMENTS (KOHA)
Source of classification or shelving scheme Dewey Decimal Classification
Koha item type Books
Holdings
Source of classification or shelving scheme Damaged status Not for loan Home library Current library Shelving location Date of accession Total Checkouts Full call number Barcode Date last seen Copy number Koha item type
Dewey Decimal Classification     JCC Rouf Library JCC Rouf Library General Stacks 01/17/2018   621.381 MAR 1969 8056 01/17/2018 C-1 Books

JCC Library | Contacts | JCC Home

Last Update on 23 September 2017
Copyright @ 2017-2020 JCC Rouf Library
Rouf Library, Jhenidah Cadet College (JCC), Bangladesh